000 00800nam a2200253Ia 4500
999 _c35014
_d35014
001 853
003 GE_BSU
005 20200226115028.0
008 181216s2004ru xx |||||||||||||| ||rus||
020 _a5755200416
040 _cGE_BSU
041 _arus
080 _a81' 25 В-49
100 _aВиноградов,В.С.
_97474
245 _aВедение в переводоведение :
_bОбщие и лексичесие вопросы /
_cВ.С. Виноградов
264 _aМосква :
_bИОСО РАО,
_c2001.
300 _a224 стр.:
_c20 см.
541 _h6л.
653 _aВедение в перевоведение
653 _aЛексика
653 _aთარგმნის თეორია
653 _aლექსიკა
942 _cBK
_2udc